000 00566nam a2200193 i 4500
001 65317
003 ES-MaACL
005 20230906165339.0
007 t|
008 040112s1978 sp ||||1| spa d
100 1 _aFreire, Paulo.
_952462
245 1 0 _aEducación liberadora /
_cPaulo Freire, Hernani Fiori, José Luis Fiori.
250 _a[3ª ed.].
260 _a[Bilbao :
_bZero ;
_aMadrid :
_bFareso,
_c1978]
300 _a67 p. ;
_c18 cm.
700 1 _aFiori, Hernani.
_950947
700 1 _aFiori, José Luis.
_950948
852 _aES-MaACL
_jA-8225
_bR.97415
999 _c65317
_d65317